Semináre z oblastného plánovania ... učebná pomôcka pre internú potrebu poslucháčov VŠE 1. časť

Bibliographic Details
Main Author: Tvrdoň, Jozef, 1944- (Author)
Format: Book
Language:Slovak
PhysicalDescription:133 s. grafy, ilustr., tab. 4°
Published: Bratislava Vysoká škola ekonomická 1971
Edition:1. vyd.
Series:Vysokoškolské skriptá
Subjects:

MARC

LEADER 00000cam a2200000 a 4500
001 vtls008341897
003 SK-MaSNL
005 20260301204731.0
008 240315s1971 xo da e n 000 0 slo
015 |a SNBA1971/11-02572 
035 |a SK01SNK19710034114 
035 |a SKM000036577 
040 |a SNK  |b slo  |c SNK  |e AACR2 
041 0 |a slo 
044 |a xo  |c SK 
080 |a 338.1:330(075.8)  |2 1981 
100 1 |a Tvrdoň, Jozef,  |d 1944-  |4 aut  |9 215843 
245 1 0 |a Semináre z oblastného plánovania  |n 1. časť  |b ... učebná pomôcka pre internú potrebu poslucháčov VŠE  |c Jozef Tvrdoň 
250 |a 1. vyd. 
260 |a Bratislava  |b Vysoká škola ekonomická  |c 1971 
300 |a 133 s.  |b grafy, ilustr., tab.  |c 4° 
366 |e 400 výt. 
490 1 |a Vysokoškolské skriptá 
504 |a Bibliogr. odkazy ; pozn. 
650 0 7 |a plánovanie  |2 SNKPH  |9 15324 
650 0 7 |a ekonomika  |2 SNKPH  |9 789 
655 7 |a učebnice vysokých škôl  |2 SNKPH  |9 70191 
810 2 |a Vysoká škola ekonomická v Bratislave  |t Vysokoškolské skriptá  |9 222320 
830 0 |a Vysokoškolské skriptá  |9 276440 
958 |a OND 
958 |a RM 
958 |a RK 
958 |a NB 
958 |a UV 
999 |c 907549  |d 909479 
952 |a SNK  |b SNK  |y PREZ  |7 0  |p 17A0890890  |o snkSB 17392/1  |i snkKSP 7604/71  |0 0  |1 0  |4 0  |d 2015-02-11  |l 0  |r 2025-03-18 00:00:00  |w 2026-02-24 
952 |a SNK  |b SNK  |y VYP  |7 0  |o snkSB 17392/1 D1  |i snkKSP 7605/71  |0 0  |1 0  |4 0  |d 2015-02-11  |l 0  |r 2026-02-24 07:33:56  |w 2026-02-24 
952 |a SNK  |b SNK  |y VYP  |7 0  |o snkSB 17392/1 D2  |i snkD 2831/76  |8 1  |0 0  |1 0  |4 0  |d 2015-02-11  |l 0  |r 2026-02-24 07:33:56  |w 2026-02-24